Polscy Medaliści Igrzysk Olimpijskich Londyn 2012 - Statystyki

Ogólne statystyki
  • Ten quiz został rozwiązany 33 razy
  • Średni wynik to 6 z 13
Statystyki odpowiedzi
Wskazówka Odpowiedź % Poprawnych
Złoto Anita Włodarczyk
97%
Złoto Tomasz Majewski
83%
Złoto Adrian Zieliński
66%
Brąz Tomasz ZIeliński
62%
Brąz Karolina Naja
55%
Srebro Sylwia Bogacka
38%
Srebro Bartłomiej Bonk
34%
Brąz Damian Janikowski
31%
Brąz Magdalena Fularczyk
28%
Brąz Beata Mikołajczyk
24%
Brąz Zofia Klepacka
24%
Brąz Przemysław Miarczyński
21%
Brąz Julia Michalska
14%
Nie znaleziono quizów pasujących do podanych kryteriów
Rozkład punktacji
Procent ludzi z każdym wynikiem
Percentyl według liczby udzielonych odpowiedzi
Twoja historia wyników
Nie rozwiązałeś tego quizu